Los de abajo
محفوظ في:
| المؤلف الرئيسي: | |
|---|---|
| التنسيق: | كتاب |
| اللغة: | Undetermined |
| منشور في: |
México, Distrito Federal
Fondo de Cultura Económica
1990
|
| الطبعة: | 30 |
| الموضوعات: | |
| الوسوم: |
إضافة وسم
لا توجد وسوم, كن أول من يضع وسما على هذه التسجيلة!
|
MARC
| LEADER | 00000nam a2200000Ia 4500 | ||
|---|---|---|---|
| 008 | 170316s9999 xx 000 0 und d | ||
| 040 | |a cru BVZT | ||
| 090 | |a 860 A-44d | ||
| 100 | |a Azuela, Mariano | ||
| 245 | |a Los de abajo | ||
| 250 | |a 30 | ||
| 260 | |a México, Distrito Federal | ||
| 260 | |b Fondo de Cultura Económica | ||
| 260 | |c 1990 | ||
| 300 | |a 141 páginas | ||
| 650 | |a LITERATURA LATINOAMERICANA | ||
| 999 | |c 8359 |d 8359 | ||
| 942 | |c 15 D |h 860 A-44d |2 z | ||
